[Event "WCO 2016"]
[Site "?"]
[Date "2016.09.09"]
[Round "7"]
[Board "25"]
[WhiteID "10202587"]
[White "Shamima Akter Liza"]
[BlackID "8101531"]
[Black "Alattar Ghayda M."]
[Result "0-1"]
[BlackElo "1964"]
[WhiteElo "2129"]
[LiveChessVersion "1.4.8"]

1. d4 {[%clk 1:30:48]} Nf6 {[%clk 1:30:48]} 2. Nf3 {[%clk 1:31:04]} c5
{[%clk 1:31:14]} 3. d5 {[%clk 1:31:21]} d6 {[%clk 1:30:26]} 4. Nc3
{[%clk 1:30:50]} g6 {[%clk 1:30:06]} 5. e4 {[%clk 1:31:08]} Bg7 {[%clk 1:29:39]}
6. Bb5+ {[%clk 1:30:55]} Nbd7 {[%clk 1:25:40]} 7. a4 {[%clk 1:30:17]} O-O
{[%clk 1:25:45]} 8. O-O {[%clk 1:30:38]} a6 {[%clk 1:25:15]} 9. Be2
{[%clk 1:30:38]} b6 {[%clk 1:25:19]} 10. Re1 {[%clk 1:29:09]} Bb7
{[%clk 1:22:47]} 11. Bf4 {[%clk 1:28:27]} Ne8 {[%clk 1:13:05]} 12. Bc4
{[%clk 1:27:05]} f6 {[%clk 0:59:30]} 13. Qd2 {[%clk 1:14:48]} Kh8
{[%clk 0:51:11]} 14. h4 {[%clk 0:58:53]} Ne5 {[%clk 0:46:31]} 15. Be2
{[%clk 0:58:53]} Bc8 {[%clk 0:42:10]} 16. h5 {[%clk 0:44:25]} Nxf3+
{[%clk 0:23:07]} 17. Bxf3 {[%clk 0:44:00]} g5 {[%clk 0:22:13]} 18. Be3
{[%clk 0:43:23]} Bd7 {[%clk 0:18:34]} 19. Rab1 {[%clk 0:38:35]} Rg8
{[%clk 0:14:46]} 20. Be2 {[%clk 0:35:55]} Qc8 {[%clk 0:12:43]} 21. Qd1
{[%clk 0:26:04]} g4 {[%clk 0:08:08]} 22. h6 {[%clk 0:20:56]} Bf8 {[%clk 0:08:37]}
23. Qd2 {[%clk 0:21:20]} g3 {[%clk 0:04:47]} 24. fxg3 {[%clk 0:13:10]} Rxg3
{[%clk 0:05:12]} 25. Bf4 {[%clk 0:13:01]} Rg8 {[%clk 0:05:29]} 26. Kh2
{[%clk 0:11:31]} Bg4 {[%clk 0:05:43]} 27. Bf3 {[%clk 0:09:35]} Nc7
{[%clk 0:05:24]} 28. Qf2 {[%clk 0:04:08]} Qe8 {[%clk 0:02:38]} 29. Qh4
{[%clk 0:04:36]} Qg6 {[%clk 0:02:38]} 30. Re2 {[%clk 0:02:25]} b5
{[%clk 0:02:48]} 31. b3 {[%clk 0:01:42]} Rb8 {[%clk 0:01:37]} 32. axb5
{[%clk 0:01:24]} axb5 {[%clk 0:01:50]} 33. b4 {[%clk 0:01:35]} cxb4
{[%clk 0:02:00]} 34. Rxb4 {[%clk 0:01:56]} Bxf3 {[%clk 0:02:23]} 35. Rf2
{[%clk 0:00:46]} Qh5 {[%clk 0:01:29]} 36. Qh3 {[%clk 0:00:35]} Qxh3+
{[%clk 0:01:40]} 37. gxh3 {[%clk 0:00:50]} Bh5 {[%clk 0:01:57]} 38. Be3
{[%clk 0:00:59]} Be8 {[%clk 0:01:55]} 39. Ne2 {[%clk 0:00:55]} Na6
{[%clk 0:01:44]} 40. Rb1 {[%clk 0:31:08]} Bg6 {[%clk 0:31:24]} 41. Ng3
{[%clk 0:29:33]} Nc5 {[%clk 0:27:04]} 42. Rb4 {[%clk 0:25:43]} Be8
{[%clk 0:25:08]} 43. Rf1 {[%clk 0:19:18]} Ra8 {[%clk 0:24:19]} 44. Nf5
{[%clk 0:18:37]} Bd7 {[%clk 0:19:39]} 45. Rf2 {[%clk 0:08:10]} Ra3
{[%clk 0:07:34]} 46. Bc1 {[%clk 0:06:30]} Ra2 {[%clk 0:08:03]} 47. Ng3 Nd3
{[%clk 0:07:38]} 0-1

[Event "WCO 2016"]
[Site "?"]
[Date "2016.09.09"]
[Round "7"]
[Board "26"]
[WhiteID "8102937"]
[White "Boshra Alshaeby"]
[BlackID "10204482"]
[Black "Sultana Sharmin Shirin"]
[Result "0-1"]
[BlackElo "2002"]
[WhiteElo "1983"]
[LiveChessVersion "1.4.8"]

1. d4 {[%clk 1:30:56]} d5 {[%clk 1:30:57]} 2. c4 {[%clk 1:31:16]} c6
{[%clk 1:31:23]} 3. Nf3 {[%clk 1:31:40]} Nf6 {[%clk 1:31:47]} 4. e3
{[%clk 1:32:05]} Bf5 {[%clk 1:31:59]} 5. Nc3 {[%clk 1:32:06]} e6 {[%clk 1:32:21]}
6. Be2 {[%clk 1:32:29]} Nbd7 {[%clk 1:30:29]} 7. Nh4 Bg6 {[%clk 1:30:03]} 8. O-O
{[%clk 1:30:40]} Ne4 {[%clk 1:26:49]} 9. g3 {[%clk 1:26:57]} Nd6 {[%clk 1:20:07]}
10. cxd5 {[%clk 1:24:45]} exd5 {[%clk 1:20:21]} 11. Nxg6 {[%clk 1:18:43]} hxg6
{[%clk 1:20:49]} 12. Qc2 {[%clk 1:15:57]} Nf6 {[%clk 1:20:30]} 13. f3
{[%clk 1:04:56]} Qd7 {[%clk 1:11:58]} 14. Bd3 {[%clk 0:58:00]} Nf5
{[%clk 1:00:20]} 15. a3 {[%clk 0:39:21]} Be7 {[%clk 0:54:00]} 16. b4
{[%clk 0:39:11]} a6 {[%clk 0:53:09]} 17. Na4 {[%clk 0:39:18]} Bd8
{[%clk 0:48:42]} 18. Nc5 {[%clk 0:38:52]} Qc8 {[%clk 0:49:07]} 19. Qe2
{[%clk 0:27:35]} O-O {[%clk 0:36:09]} 20. g4 {[%clk 0:20:18]} Nd6
{[%clk 0:34:03]} 21. g5 {[%clk 0:20:28]} Nh5 {[%clk 0:27:26]} 22. f4
{[%clk 0:13:37]} Qh3 {[%clk 0:25:52]} 23. Qg2 {[%clk 0:13:15]} Qxg2+
{[%clk 0:24:56]} 24. Kxg2 {[%clk 0:13:41]} Re8 {[%clk 0:22:44]} 25. Kf3
{[%clk 0:11:54]} a5 {[%clk 0:22:03]} 26. Rb1 {[%clk 0:08:51]} axb4
{[%clk 0:19:03]} 27. axb4 {[%clk 0:08:58]} b6 {[%clk 0:16:04]} 28. Nb3
{[%clk 0:05:57]} Nf5 {[%clk 0:15:57]} 29. Rg1 {[%clk 0:02:24]} Ra2
{[%clk 0:15:17]} 30. Bxf5 {[%clk 0:00:55]} gxf5 {[%clk 0:15:45]} 31. g6
{[%clk 0:00:38]} Rxh2 {[%clk 0:15:30]} 32. gxf7+ {[%clk 0:00:46]} Kxf7
{[%clk 0:15:58]} 33. Bd2 {[%clk 0:00:42]} Nf6 {[%clk 0:13:35]} 34. Rgc1
{[%clk 0:01:00]} Ne4 {[%clk 0:13:45]} 35. Be1 {[%clk 0:00:53]} Reh8 0-1

[Event "WCO 2016"]
[Site "?"]
[Date "2016.09.09"]
[Round "7"]
[Board "27"]
[WhiteID "10201734"]
[White "Khan Nazrana"]
[BlackID "724190"]
[Black "Fuad Kamel Jamaliah Natalie"]
[Result "1-0"]
[BlackElo "2064"]
[WhiteElo "1965"]
[LiveChessVersion "1.4.8"]

1. d4 {[%clk 1:30:58]} d5 {[%clk 1:30:54]} 2. c4 {[%clk 1:31:23]} e6
{[%clk 1:31:20]} 3. Nf3 {[%clk 1:31:21]} Nf6 {[%clk 1:31:32]} 4. Nc3
{[%clk 1:31:43]} c6 {[%clk 1:31:03]} 5. e3 {[%clk 1:29:20]} Nbd7 {[%clk 1:31:26]}
6. Bd3 {[%clk 1:29:25]} dxc4 {[%clk 1:29:20]} 7. Bxc4 {[%clk 1:29:47]} b5
{[%clk 1:28:30]} 8. Bd3 {[%clk 1:29:07]} Bb7 {[%clk 1:22:12]} 9. O-O
{[%clk 1:29:20]} Be7 {[%clk 1:21:13]} 10. Re1 {[%clk 1:28:51]} a6
{[%clk 1:17:22]} 11. e4 {[%clk 1:27:39]} b4 {[%clk 1:11:20]} 12. Na4
{[%clk 1:23:42]} Rc8 {[%clk 1:06:15]} 13. Be3 {[%clk 1:15:45]} Ng4
{[%clk 0:43:23]} 14. Qe2 {[%clk 1:13:31]} Qa5 {[%clk 0:36:39]} 15. b3
{[%clk 1:10:48]} Nxe3 {[%clk 0:31:41]} 16. Qxe3 {[%clk 1:11:09]} c5
{[%clk 0:27:48]} 17. Rac1 {[%clk 1:05:38]} O-O {[%clk 0:25:53]} 18. d5
{[%clk 1:01:04]} exd5 {[%clk 0:22:40]} 19. exd5 {[%clk 1:00:55]} Bf6
{[%clk 0:22:00]} 20. h4 {[%clk 0:45:48]} Rfd8 {[%clk 0:15:08]} 21. Qe4
{[%clk 0:38:07]} Nf8 {[%clk 0:14:14]} 22. Bc4 {[%clk 0:37:44]} Rd7
{[%clk 0:10:04]} 23. Rcd1 {[%clk 0:34:18]} Qd8 {[%clk 0:08:01]} 24. g3
{[%clk 0:26:25]} Ng6 {[%clk 0:04:57]} 25. Qg4 {[%clk 0:23:04]} Ne7
{[%clk 0:04:28]} 26. Nb6 {[%clk 0:22:02]} Rd6 {[%clk 0:03:14]} 27. Nxc8
{[%clk 0:21:41]} Bxc8 {[%clk 0:03:40]} 28. Qe4 {[%clk 0:21:07]} a5
{[%clk 0:03:20]} 29. Ng5 {[%clk 0:17:04]} g6 {[%clk 0:03:01]} 30. Qf4
{[%clk 0:16:23]} h6 {[%clk 0:02:03]} 31. Ne4 {[%clk 0:16:07]} 1-0

[Event "WCO 2016"]
[Site "?"]
[Date "2016.09.09"]
[Round "7"]
[Board "28"]
[WhiteID "8102953"]
[White "Razan Alshaeby"]
[BlackID "10200096"]
[Black "Hamid Rani"]
[Result "0-1"]
[BlackElo "1993"]
[WhiteElo "1896"]
[LiveChessVersion "1.4.8"]

1. d4 {[%clk 1:30:57]} Nf6 {[%clk 1:30:36]} 2. Bg5 {[%clk 1:30:46]} d5
{[%clk 1:30:51]} 3. Nf3 {[%clk 1:31:11]} e6 {[%clk 1:30:51]} 4. e3
{[%clk 1:31:24]} c5 {[%clk 1:30:27]} 5. Nbd2 {[%clk 1:30:53]} Nc6
{[%clk 1:29:32]} 6. c3 {[%clk 1:30:59]} Be7 {[%clk 1:28:55]} 7. Bd3
{[%clk 1:30:59]} b6 {[%clk 1:27:23]} 8. Bb5 {[%clk 1:19:02]} Bd7 {[%clk 1:23:29]}
9. O-O {[%clk 1:19:08]} O-O {[%clk 1:23:34]} 10. Bd3 {[%clk 1:18:59]} h6
{[%clk 1:19:53]} 11. Bh4 {[%clk 1:18:10]} a5 {[%clk 1:17:31]} 12. a4
{[%clk 1:16:45]} Bc8 {[%clk 1:16:22]} 13. Qe2 {[%clk 1:16:44]} Bb7
{[%clk 1:15:41]} 14. Rfe1 {[%clk 1:11:27]} Re8 {[%clk 1:07:02]} 15. Rad1
{[%clk 1:07:10]} Nd7 {[%clk 1:06:13]} 16. Bxe7 {[%clk 1:06:14]} Qxe7
{[%clk 1:06:24]} 17. e4 {[%clk 1:05:19]} dxe4 {[%clk 1:05:32]} 18. Qxe4
{[%clk 1:02:41]} Nf6 {[%clk 1:04:22]} 19. Qh4 {[%clk 0:59:26]} Red8
{[%clk 1:00:16]} 20. Ne4 {[%clk 0:49:28]} cxd4 {[%clk 0:58:06]} 21. Nxf6+
{[%clk 0:43:59]} Qxf6 {[%clk 0:58:27]} 22. Qxf6 {[%clk 0:44:19]} gxf6
{[%clk 0:58:54]} 23. cxd4 {[%clk 0:44:18]} Nb4 {[%clk 0:54:50]} 24. Be4
{[%clk 0:41:24]} Bxe4 {[%clk 0:55:02]} 25. Rxe4 {[%clk 0:41:44]} Rac8
{[%clk 0:55:24]} 26. Rg4+ {[%clk 0:39:16]} Kh7 {[%clk 0:54:57]} 27. Nd2
{[%clk 0:38:48]} f5 {[%clk 0:54:52]} 28. Rh4 {[%clk 0:38:24]} Rc2
{[%clk 0:50:45]} 29. b3 {[%clk 0:35:46]} Rc3 {[%clk 0:45:01]} 30. Nc4
{[%clk 0:35:05]} Rxb3 {[%clk 0:43:09]} 31. Nxb6 {[%clk 0:34:39]} Rc3
{[%clk 0:42:39]} 32. d5 {[%clk 0:31:39]} Nxd5 {[%clk 0:38:17]} 33. Rhd4
{[%clk 0:30:20]} Ra3 {[%clk 0:35:09]} 34. g3 {[%clk 0:26:58]} Kg6
{[%clk 0:35:05]} 35. Nc4 {[%clk 0:24:08]} Ra2 {[%clk 0:35:18]} 36. Nxa5
{[%clk 0:22:34]} Ra8 {[%clk 0:35:13]} 37. Nc6 {[%clk 0:22:34]} R8xa4
{[%clk 0:34:35]} 38. Ne5+ {[%clk 0:21:11]} Kf6 {[%clk 0:34:05]} 39. Nf3
{[%clk 0:20:09]} Rxd4 {[%clk 0:28:30]} 40. Rxd4 {[%clk 0:50:11]} Nc3
{[%clk 0:57:27]} 41. Rd2 {[%clk 0:41:25]} Ra1+ {[%clk 0:54:59]} 42. Kg2
{[%clk 0:41:24]} Ne4 {[%clk 0:55:19]} 43. Rc2 {[%clk 0:40:01]} Ra4
{[%clk 0:52:05]} 44. Ne1 {[%clk 0:37:41]} Ra3 {[%clk 0:50:55]} 45. Nf3
{[%clk 0:37:03]} Nc3 {[%clk 0:50:02]} 46. Nd4 {[%clk 0:32:52]} h5
{[%clk 0:48:38]} 47. Nf3 {[%clk 0:30:41]} Nd5 {[%clk 0:44:12]} 48. Rc4
{[%clk 0:27:34]} Ra2 {[%clk 0:44:25]} 49. Rh4 {[%clk 0:27:06]} Ne3+
{[%clk 0:44:13]} 50. Kh1 {[%clk 0:20:59]} Rxf2 {[%clk 0:43:48]} 51. Ng1
{[%clk 0:20:57]} Kg6 {[%clk 0:42:40]} 52. Nh3 {[%clk 0:18:54]} Rf1+
{[%clk 0:42:42]} 53. Ng1 {[%clk 0:19:20]} e5 {[%clk 0:41:26]} 54. Rb4
{[%clk 0:19:35]} e4 {[%clk 0:40:50]} 55. h4 {[%clk 0:18:40]} Ng4 {[%clk 0:40:16]}
56. Kg2 {[%clk 0:18:50]} Rf2+ {[%clk 0:40:36]} 0-1

[Event "WCO 2016"]
[Site "?"]
[Date "2016.09.09"]
[Round "7"]
[Board "25"]
[WhiteID "2401312"]
[White "Milligan Helen"]
[BlackID "408697"]
[Black "Richards Heather S"]
[Result "1/2-1/2"]
[BlackElo "2199"]
[WhiteElo "2040"]
[LiveChessVersion "1.4.8"]

1. e4 {[%clk 1:30:57]} c5 {[%clk 1:30:53]} 2. Nf3 {[%clk 1:31:21]} a6
{[%clk 1:31:19]} 3. c4 {[%clk 1:31:04]} e6 {[%clk 1:31:09]} 4. d4
{[%clk 1:29:35]} cxd4 {[%clk 1:31:06]} 5. Nxd4 {[%clk 1:29:59]} Qc7
{[%clk 1:31:03]} 6. Nc3 {[%clk 1:26:58]} Nf6 {[%clk 1:30:54]} 7. Bd3
{[%clk 1:24:40]} b6 {[%clk 1:28:23]} 8. Qe2 {[%clk 1:19:44]} d6 {[%clk 1:27:19]}
9. O-O {[%clk 1:19:42]} Bb7 {[%clk 1:27:43]} 10. Be3 {[%clk 1:16:25]} Nbd7
{[%clk 1:27:21]} 11. Rac1 {[%clk 1:14:04]} Be7 {[%clk 1:20:30]} 12. b3
{[%clk 1:08:49]} O-O {[%clk 1:15:05]} 13. Bb1 {[%clk 1:06:24]} Rfe8
{[%clk 1:13:20]} 14. Rfd1 {[%clk 1:03:49]} Rac8 {[%clk 1:12:17]} 15. f3
{[%clk 1:01:08]} Qb8 {[%clk 1:08:50]} 16. Qf2 {[%clk 0:59:54]} d5
{[%clk 0:38:51]} 17. cxd5 {[%clk 0:55:29]} exd5 {[%clk 0:39:14]} 18. exd5
{[%clk 0:51:40]} Bd6 {[%clk 0:37:38]} 19. g3 {[%clk 0:43:51]} Rxc3
{[%clk 0:29:15]} 20. Rxc3 {[%clk 0:43:54]} Nxd5 {[%clk 0:29:39]} 21. Qc2
{[%clk 0:37:18]} N7f6 {[%clk 0:23:45]} 22. Bf2 {[%clk 0:36:28]} Nxc3
{[%clk 0:23:57]} 23. Qxc3 {[%clk 0:36:49]} Be5 {[%clk 0:22:17]} 24. Qc2
{[%clk 0:33:02]} g6 {[%clk 0:20:09]} 25. Nc6 {[%clk 0:31:20]} Qc7
{[%clk 0:14:13]} 26. Nxe5 {[%clk 0:30:57]} Qxe5 {[%clk 0:14:37]} 27. Re1
{[%clk 0:25:27]} Qd5 {[%clk 0:14:42]} 28. Rxe8+ {[%clk 0:25:38]} Nxe8
{[%clk 0:15:08]} 29. Qd3 {[%clk 0:25:26]} b5 {[%clk 0:13:44]} 30. Qxd5
{[%clk 0:24:46]} Bxd5 {[%clk 0:14:10]} 31. f4 {[%clk 0:24:19]} f5
{[%clk 0:13:17]} 32. Bd4 {[%clk 0:23:47]} Kf7 {[%clk 0:13:43]} 33. Kf2
{[%clk 0:23:57]} Ke6 {[%clk 0:13:22]} 34. Ke3 {[%clk 0:23:51]} Nd6
{[%clk 0:13:47]} 35. Bc2 {[%clk 0:21:38]} Nb7 {[%clk 0:08:52]} 36. Bc3
{[%clk 0:17:35]} Nd6 {[%clk 0:07:00]} 37. Kd4 {[%clk 0:16:47]} Nb7
{[%clk 0:02:34]} 38. a4 {[%clk 0:15:15]} Nd6 {[%clk 0:02:43]} 39. Bb4
{[%clk 0:13:52]} Ne4 {[%clk 0:01:59]} 40. axb5 {[%clk 0:41:14]} axb5
{[%clk 0:32:25]} 41. Bd3 {[%clk 0:39:12]} Bc6 {[%clk 0:31:30]} 42. Be1
{[%clk 0:38:12]} Kd6 {[%clk 0:31:18]} 43. Bb4+ {[%clk 0:38:30]} Ke6
{[%clk 0:31:44]} 44. Be1 {[%clk 0:38:13]} Kd6 {[%clk 0:32:09]} 45. Bb4+ 1/2-1/2

[Event "WCO 2016"]
[Site "?"]
[Date "2016.09.09"]
[Round "7"]
[Board "26"]
[WhiteID "12400980"]
[White "Nguyen Thu Giang"]
[BlackID "4304632"]
[Black "Zhang Jasmine Haomo"]
[Result "1-0"]
[BlackElo "1721"]
[WhiteElo "2119"]
[LiveChessVersion "1.4.8"]

1. e4 {[%clk 1:30:56]} c5 {[%clk 1:30:54]} 2. Nf3 {[%clk 1:31:20]} d6
{[%clk 1:31:19]} 3. d4 {[%clk 1:31:47]} cxd4 {[%clk 1:31:44]} 4. Qxd4
{[%clk 1:32:13]} a6 {[%clk 1:32:05]} 5. c4 {[%clk 1:32:13]} Nc6 {[%clk 1:32:20]}
6. Qd2 {[%clk 1:32:13]} Nf6 {[%clk 1:31:46]} 7. Nc3 {[%clk 1:31:56]} e6
{[%clk 1:29:09]} 8. b3 {[%clk 1:28:45]} h6 {[%clk 1:28:45]} 9. Bb2
{[%clk 1:27:09]} Be7 {[%clk 1:28:50]} 10. Be2 {[%clk 1:25:31]} Qc7
{[%clk 1:28:09]} 11. Rc1 {[%clk 1:23:39]} O-O {[%clk 1:21:53]} 12. O-O
{[%clk 1:21:55]} Rd8 {[%clk 1:21:21]} 13. Bd3 {[%clk 1:08:02]} Qa5
{[%clk 1:08:05]} 14. a3 {[%clk 1:01:10]} Qc7 {[%clk 1:05:51]} 15. Bb1
{[%clk 0:57:14]} b6 {[%clk 1:05:42]} 16. Nd5 {[%clk 0:55:45]} exd5
{[%clk 0:58:55]} 17. cxd5 {[%clk 0:56:01]} Qa7 {[%clk 0:56:56]} 18. Rxc6
{[%clk 0:54:33]} Bd7 {[%clk 0:52:23]} 19. Rc3 {[%clk 0:52:21]} Ne8
{[%clk 0:47:12]} 20. Nd4 {[%clk 0:48:27]} Bg5 {[%clk 0:43:35]} 21. f4
{[%clk 0:43:57]} Bf6 {[%clk 0:43:49]} 22. Rcf3 {[%clk 0:40:23]} Qb7
{[%clk 0:38:18]} 23. Qe3 {[%clk 0:33:28]} Nc7 {[%clk 0:34:35]} 24. Qd3
{[%clk 0:17:54]} Bb5 {[%clk 0:26:47]} 25. Nxb5 {[%clk 0:16:53]} Bxb2
{[%clk 0:26:46]} 26. Qc2 {[%clk 0:10:11]} Nxb5 {[%clk 0:25:36]} 27. Qxb2
{[%clk 0:10:28]} Qe7 {[%clk 0:25:03]} 28. Rg3 {[%clk 0:10:02]} f6
{[%clk 0:25:14]} 29. a4 {[%clk 0:09:51]} Nc7 {[%clk 0:25:31]} 30. Qd4
{[%clk 0:10:03]} Rdb8 {[%clk 0:24:23]} 31. Rc1 {[%clk 0:09:41]} a5
{[%clk 0:23:41]} 32. Qd3 {[%clk 0:07:34]} Kf8 {[%clk 0:22:46]} 33. e5
{[%clk 0:07:14]} g5 {[%clk 0:17:34]} 34. exf6 {[%clk 0:07:07]} Qf7
{[%clk 0:16:58]} 35. fxg5 {[%clk 0:07:14]} Nxd5 {[%clk 0:16:00]} 36. g6
{[%clk 0:07:12]} 1-0

[Event "WCO 2016"]
[Site "?"]
[Date "2016.09.09"]
[Round "7"]
[Board "27"]
[WhiteID "4306392"]
[White "Song Kate"]
[BlackID "3200795"]
[Black "Guo Emma"]
[Result "0-1"]
[BlackElo "2035"]
[WhiteElo "1681"]
[LiveChessVersion "1.4.8"]

1. e4 {[%clk 1:30:57]} d5 {[%clk 1:30:51]} 2. exd5 {[%clk 1:30:43]} Nf6
{[%clk 1:31:07]} 3. Nf3 {[%clk 1:30:16]} Bg4 {[%clk 1:21:38]} 4. Be2
{[%clk 1:29:30]} Qxd5 {[%clk 1:19:20]} 5. Nc3 {[%clk 1:29:09]} Qa5
{[%clk 1:17:34]} 6. d4 {[%clk 1:26:50]} c6 {[%clk 1:17:14]} 7. O-O
{[%clk 1:24:07]} e6 {[%clk 1:16:34]} 8. a3 Be7 {[%clk 1:15:44]} 9. Be3
{[%clk 1:12:37]} Nbd7 {[%clk 1:12:55]} 10. h3 {[%clk 1:08:57]} Bh5
{[%clk 1:10:46]} 11. b4 {[%clk 1:07:33]} Qc7 {[%clk 1:08:41]} 12. Na4
{[%clk 1:03:32]} O-O {[%clk 1:02:09]} 13. c4 {[%clk 1:02:39]} a5 {[%clk 0:56:03]}
14. Qb3 {[%clk 1:00:56]} axb4 {[%clk 0:36:38]} 15. axb4 {[%clk 1:01:15]} b5
{[%clk 0:30:41]} 16. cxb5 cxb5 {[%clk 0:29:01]} 17. Nc5 {[%clk 0:57:59]} e5
{[%clk 0:24:42]} 18. Nxd7 {[%clk 0:57:15]} Nxd7 {[%clk 0:23:51]} 19. dxe5
{[%clk 0:52:51]} Nxe5 {[%clk 0:13:40]} 20. Nd4 {[%clk 0:52:55]} Bxe2
{[%clk 0:13:25]} 21. Nxe2 {[%clk 0:53:19]} Qc4 {[%clk 0:11:53]} 22. Qxc4
{[%clk 0:52:48]} Nxc4 {[%clk 0:12:17]} 23. Bc5 {[%clk 0:52:51]} Bxc5
{[%clk 0:10:31]} 24. bxc5 {[%clk 0:53:11]} Rac8 {[%clk 0:09:38]} 25. Rfb1
{[%clk 0:53:21]} Rxc5 {[%clk 0:09:17]} 26. Nd4 {[%clk 0:53:42]} Nd6
{[%clk 0:08:42]} 27. Ra5 {[%clk 0:52:45]} Rb8 {[%clk 0:07:21]} 28. Ra6
{[%clk 0:52:00]} Rd5 {[%clk 0:05:14]} 29. Nc6 {[%clk 0:52:15]} Re8
{[%clk 0:05:22]} 30. Rb6 {[%clk 0:52:30]} g6 {[%clk 0:03:44]} 31. Na7
{[%clk 0:52:29]} Ree5 {[%clk 0:02:52]} 32. Nc6 {[%clk 0:51:54]} Re2
{[%clk 0:02:59]} 33. Na7 {[%clk 0:50:34]} Rdd2 {[%clk 0:02:12]} 34. Nxb5
{[%clk 0:50:35]} Ne4 {[%clk 0:01:02]} 35. Nc7 {[%clk 0:49:30]} Rxf2
{[%clk 0:01:04]} 36. Rb8+ {[%clk 0:49:52]} Kg7 {[%clk 0:01:30]} 37. Ne8+
{[%clk 0:50:06]} Kh6 {[%clk 0:01:44]} 38. R8b3 {[%clk 0:47:56]} Rxg2+
{[%clk 0:01:32]} 39. Kh1 {[%clk 0:47:44]} Rh2+ {[%clk 0:01:16]} 40. Kg1
{[%clk 1:18:08]} Rdg2+ {[%clk 0:31:32]} 0-1

[Event "WCO 2016"]
[Site "?"]
[Date "2016.09.09"]
[Round "7"]
[Board "28"]
[WhiteID "3205517"]
[White "Jule Alexandra"]
[BlackID "4305337"]
[Black "Braganza Nadia"]
[Result "1-0"]
[BlackElo "1392"]
[WhiteElo "2000"]
[LiveChessVersion "1.4.8"]

1. e4 {[%clk 1:30:56]} c5 {[%clk 1:30:45]} 2. Nc3 {[%clk 1:31:21]} Nc6
{[%clk 1:30:52]} 3. Bb5 {[%clk 1:31:47]} a6 {[%clk 1:30:15]} 4. Bxc6
{[%clk 1:31:20]} bxc6 {[%clk 1:30:28]} 5. d3 {[%clk 1:30:39]} g6 {[%clk 1:27:21]}
6. f4 {[%clk 1:31:00]} d5 {[%clk 1:24:16]} 7. Nf3 {[%clk 1:27:29]} d4
{[%clk 1:19:59]} 8. Ne2 {[%clk 1:26:16]} Nf6 {[%clk 1:17:23]} 9. O-O
{[%clk 1:22:47]} Bg7 {[%clk 1:16:33]} 10. h3 {[%clk 1:19:08]} O-O
{[%clk 1:14:15]} 11. Qe1 {[%clk 1:17:18]} Nd7 {[%clk 0:57:50]} 12. f5
{[%clk 1:00:22]} Ne5 {[%clk 0:55:01]} 13. Qg3 {[%clk 0:53:29]} Qc7
{[%clk 0:41:47]} 14. Kh1 {[%clk 0:49:24]} Qd6 {[%clk 0:38:35]} 15. Bf4
{[%clk 0:45:03]} f6 {[%clk 0:38:08]} 16. fxg6 {[%clk 0:43:20]} hxg6
{[%clk 0:38:06]} 17. Bxe5 {[%clk 0:40:43]} fxe5 {[%clk 0:37:38]} 18. Ng5
{[%clk 0:40:50]} Rf6 {[%clk 0:35:36]} 19. Qh4 {[%clk 0:36:43]} Bb7
{[%clk 0:32:48]} 20. Nh7 {[%clk 0:35:26]} Rf7 {[%clk 0:31:49]} 21. Rxf7
{[%clk 0:33:43]} Kxf7 {[%clk 0:32:10]} 22. Ng5+ {[%clk 0:30:42]} Ke8
{[%clk 0:31:39]} 23. Rf1 {[%clk 0:29:02]} Bf6 {[%clk 0:30:18]} 24. Qh6
{[%clk 0:28:39]} Bxg5 {[%clk 0:30:00]} 25. Qxg5 {[%clk 0:29:07]} Kd7
{[%clk 0:30:05]} 26. Ng1 {[%clk 0:27:51]} Rh8 {[%clk 0:27:48]} 27. Nf3
{[%clk 0:26:07]} Rh5 {[%clk 0:21:27]} 28. Qg3 {[%clk 0:26:27]} Qe6
{[%clk 0:20:53]} 29. Ng5 {[%clk 0:23:58]} Qxa2 {[%clk 0:15:09]} 30. Qxe5
{[%clk 0:23:56]} Qxb2 {[%clk 0:15:26]} 31. Qe6+ {[%clk 0:18:20]} Ke8
{[%clk 0:15:32]} 32. Rf8+ {[%clk 0:18:25]} Kxf8 {[%clk 0:15:42]} 33. Qf7# 1-0

[Event "WCO 2016"]
[Site "?"]
[Date "2016.09.09"]
[Round "7"]
[Board "29"]
[WhiteID "6403557"]
[White "Diaz Cesar Wilsaida Pieranlly"]
[BlackID "933988"]
[Black "Milovic Aleksandra"]
[Result "0-1"]
[BlackElo "2252"]
[WhiteElo "1889"]
[LiveChessVersion "1.4.8"]

1. e4 {[%clk 1:30:57]} d5 {[%clk 1:30:13]} 2. exd5 {[%clk 1:31:16]} Qxd5
{[%clk 1:30:38]} 3. Nc3 {[%clk 1:31:39]} Qd8 {[%clk 1:31:04]} 4. Nf3
{[%clk 1:31:38]} Nf6 {[%clk 1:31:03]} 5. Be2 {[%clk 1:31:59]} Bg4
{[%clk 1:30:45]} 6. h3 {[%clk 1:32:18]} Bxf3 {[%clk 1:30:52]} 7. Bxf3
{[%clk 1:32:41]} c6 {[%clk 1:31:16]} 8. O-O {[%clk 1:32:27]} e6 {[%clk 1:31:31]}
9. d3 {[%clk 1:32:31]} Nbd7 {[%clk 1:30:33]} 10. Bf4 {[%clk 1:31:31]} Nb6
{[%clk 1:24:07]} 11. a3 {[%clk 1:30:20]} Bd6 {[%clk 1:23:43]} 12. Bxd6
{[%clk 1:29:43]} Qxd6 {[%clk 1:24:06]} 13. b4 {[%clk 1:30:03]} a6
{[%clk 1:20:20]} 14. Qe2 {[%clk 1:28:57]} Rd8 {[%clk 1:15:53]} 15. Rfb1
{[%clk 1:22:42]} Qd4 {[%clk 1:08:00]} 16. Qe1 {[%clk 1:19:47]} Nbd5
{[%clk 0:59:27]} 17. Ne2 {[%clk 1:18:58]} Qh4 {[%clk 0:53:18]} 18. a4
{[%clk 1:18:51]} g5 {[%clk 0:52:58]} 19. b5 {[%clk 1:18:49]} g4 {[%clk 0:50:31]}
20. hxg4 {[%clk 1:18:35]} Nxg4 {[%clk 0:50:34]} 21. g3 {[%clk 1:18:52]} Qh2+
{[%clk 0:50:33]} 22. Kf1 {[%clk 1:18:51]} Nde3+ {[%clk 0:50:37]} 0-1